<?xml version="1.0" encoding="UTF-8"?>
<record
    xmlns:xsi="http://www.w3.org/2001/XMLSchema-instance"
    xsi:schemaLocation="http://www.loc.gov/MARC21/slim http://www.loc.gov/standards/marcxml/schema/MARC21slim.xsd"
    xmlns="http://www.loc.gov/MARC21/slim">

  <leader>00562nam a22001577a 4500</leader>
  <controlfield tag="003">OSt</controlfield>
  <controlfield tag="005">20151208105726.0</controlfield>
  <controlfield tag="008">151208b        xxu||||| |||| 00| 0 eng d</controlfield>
  <datafield tag="040" ind1=" " ind2=" ">
    <subfield code="c">RUA </subfield>
  </datafield>
  <datafield tag="082" ind1=" " ind2=" ">
    <subfield code="a">ATM MOU 2000 B191 Or.1</subfield>
  </datafield>
  <datafield tag="100" ind1=" " ind2=" ">
    <subfield code="9">4524</subfield>
    <subfield code="a">MOUNG NOLY; &#x1798;&#x17BD;&#x1784; &#x178E;&#x17BC;&#x179B;&#x17B8;.</subfield>
  </datafield>
  <datafield tag="245" ind1=" " ind2=" ">
    <subfield code="a">The effect of tyre pressure on soil compaction, &#x17A5;&#x1791;&#x17D2;&#x1792;&#x17B7;&#x1796;&#x179B;&#x1793;&#x17C3;&#x179F;&#x17C6;&#x1796;&#x17B6;&#x1792;&#x1780;&#x1784;&#x17CB;&#x178F;&#x17D2;&#x179A;&#x17B6;&#x1780;&#x17CB;&#x1791;&#x17D0;&#x179A;&#x179B;&#x17BE;&#x1780;&#x17B6;&#x179A;&#x17A0;&#x17B6;&#x1794;&#x17CB;&#x179A;&#x1794;&#x179F;&#x17CB;&#x178A;&#x17B8;.</subfield>
  </datafield>
  <datafield tag="260" ind1=" " ind2=" ">
    <subfield code="a">Phnom Penh </subfield>
    <subfield code="b">RUA </subfield>
    <subfield code="c">2000</subfield>
  </datafield>
  <datafield tag="300" ind1=" " ind2=" ">
    <subfield code="a">iii; 68p.</subfield>
    <subfield code="b">ill.</subfield>
    <subfield code="c">29cm.</subfield>
  </datafield>
  <datafield tag="942" ind1=" " ind2=" ">
    <subfield code="2">ddc</subfield>
    <subfield code="c">ATM</subfield>
  </datafield>
  <datafield tag="999" ind1=" " ind2=" ">
    <subfield code="c">4215</subfield>
    <subfield code="d">4215</subfield>
  </datafield>
  <datafield tag="952" ind1=" " ind2=" ">
    <subfield code="0">0</subfield>
    <subfield code="1">0</subfield>
    <subfield code="2">ddc</subfield>
    <subfield code="4">0</subfield>
    <subfield code="6">ATM_MOU_2000_000000000000000_B191_OR_1</subfield>
    <subfield code="7">0</subfield>
    <subfield code="9">21267</subfield>
    <subfield code="a">LBB</subfield>
    <subfield code="b">LBB</subfield>
    <subfield code="c">B191</subfield>
    <subfield code="d">2015-12-08</subfield>
    <subfield code="o">ATM MOU 2000 B191 Or.1</subfield>
    <subfield code="p">RUA017782</subfield>
    <subfield code="r">2015-12-08</subfield>
    <subfield code="w">2015-12-08</subfield>
    <subfield code="y">ATM</subfield>
  </datafield>
  <datafield tag="952" ind1=" " ind2=" ">
    <subfield code="0">0</subfield>
    <subfield code="1">0</subfield>
    <subfield code="2">ddc</subfield>
    <subfield code="4">0</subfield>
    <subfield code="6">ATM_MOU_2000_000000000000000_B191_OR_2</subfield>
    <subfield code="7">0</subfield>
    <subfield code="9">21268</subfield>
    <subfield code="a">LBB</subfield>
    <subfield code="b">LBB</subfield>
    <subfield code="c">B191</subfield>
    <subfield code="d">2015-12-08</subfield>
    <subfield code="o">ATM MOU 2000 B191 Or.2</subfield>
    <subfield code="p">RUA017543</subfield>
    <subfield code="r">2015-12-08</subfield>
    <subfield code="w">2015-12-08</subfield>
    <subfield code="y">ATM</subfield>
  </datafield>
  <datafield tag="952" ind1=" " ind2=" ">
    <subfield code="0">0</subfield>
    <subfield code="1">0</subfield>
    <subfield code="2">ddc</subfield>
    <subfield code="4">0</subfield>
    <subfield code="6">ATM_MOU_2000_000000000000000_B191_OR_3</subfield>
    <subfield code="7">0</subfield>
    <subfield code="9">21269</subfield>
    <subfield code="a">LBB</subfield>
    <subfield code="b">LBB</subfield>
    <subfield code="c">B191</subfield>
    <subfield code="d">2015-12-08</subfield>
    <subfield code="l">2</subfield>
    <subfield code="m">2</subfield>
    <subfield code="o">ATM MOU 2000 B191 Or.3</subfield>
    <subfield code="p">RUA017687</subfield>
    <subfield code="r">2018-07-03</subfield>
    <subfield code="s">2018-06-15</subfield>
    <subfield code="w">2015-12-08</subfield>
    <subfield code="y">ATM</subfield>
  </datafield>
</record>
